00823nam a2200217Ia 4500003000900000008004100009020002200050040001600072080001900088100002700107245009200134260003000226300001600256490003300272650005100305650005200356650004200408942000700450999001700457952013100474IN-BaIIA211028s9999 xx 000 0 eng d a978-94-007-6874-1 cIIA Library a[8]:01:00bHOS aHoskin, Michael912641 0aWilliam and Caroline Herschelbpioneers in late 18th-century astronomycMichael Hoskin  aDordrechtbSpringerc2014 aviii, 112p. aSpringer briefs in astronomy aAstronomers - Great Britain - biography931773 aHerschel, Caroline Lucretia, - 1750-1848936410 aHerschel, William, - 1738-1822936411 cBK c19066d19066 00104070aBANbBANcGENd2015-06-25eFBB g2827.00l0o92:52/ HOSp19988r2021-11-05v2827.00w2015-06-25yBKGRs. 2827.00